| 000 | 00775nam a22002057a 4500 | ||
|---|---|---|---|
| 008 | 110919s2009 nyu|||||r|||| 001 0 eng d | ||
| 020 | _a 0071493727 | ||
| 020 | _a9780071493727 | ||
| 082 |
_222 _a610.73 _bLAR |
||
| 100 |
_927246 _alarrabee, June H. |
||
| 245 |
_aEvidence-Based Practice / _cJune Hansen Larrabee |
||
| 260 |
_aNew York : _b McGraw-Hill Medical , 2008. _c2008 |
||
| 300 |
_a xii, 242 p. ; _c19 cm. |
||
| 490 |
_927249 _aNurse to Nurse |
||
| 500 | _aIncludes index | ||
| 650 |
_927247 _aEvidence-based nursing |
||
| 653 |
_bNUR _cSeptember2011 |
||
| 942 |
_2ddc _cNRB |
||
| 999 |
_c16051 _d16051 |
||